| 000 | 00336nam a2200133 a 4500 | ||
|---|---|---|---|
| 001 | 5389 | ||
| 003 | CDMR | ||
| 005 | 20130116135307.0 | ||
| 008 | 130130s1998||||||||||||||||||||||||||||d | ||
| 040 |
_aCDMR _bcat _cCPC GIRONA |
||
| 245 | 0 |
_aPalauet Abadal _bUn edifici, una ciutat i una època (1927-1998) |
|
| 260 |
_c1998 _bFibanc |
||
| 942 | _cMON | ||
| 999 |
_c5389 _d5389 |
||